000 00334nam a22001457a 4500
008 230706b ||||| |||| 00| 0 eng d
020 _a9780761987499
041 _aeng
080 _2SECOND EDITION
_a316
082 _a316NEW
100 _a24
101 _aSOCIO
245 _aSOCIOLOGY OF FAMILIES
_cNEWMAN .M D
942 _2udc
_cBK
999 _c60108
_d60108